<?xml version="1.0" encoding="UTF-8"?>
<record
    xmlns:xsi="http://www.w3.org/2001/XMLSchema-instance"
    xsi:schemaLocation="http://www.loc.gov/MARC21/slim http://www.loc.gov/standards/marcxml/schema/MARC21slim.xsd"
    xmlns="http://www.loc.gov/MARC21/slim">

  <leader>01481nam a2200229Ia 4500</leader>
  <datafield tag="952" ind1=" " ind2=" ">
    <subfield code="0">0</subfield>
    <subfield code="1">0</subfield>
    <subfield code="4">0</subfield>
    <subfield code="7">0</subfield>
    <subfield code="a">11</subfield>
    <subfield code="b">11</subfield>
    <subfield code="d">2010-02-09</subfield>
    <subfield code="l">0</subfield>
    <subfield code="o">LB2910 B3518 </subfield>
    <subfield code="p">11 008296</subfield>
    <subfield code="r">2012-06-26</subfield>
    <subfield code="t">1</subfield>
    <subfield code="w">2012-06-26</subfield>
    <subfield code="y">LB</subfield>
  </datafield>
  <datafield tag="952" ind1=" " ind2=" ">
    <subfield code="0">0</subfield>
    <subfield code="1">0</subfield>
    <subfield code="4">0</subfield>
    <subfield code="7">0</subfield>
    <subfield code="a">11</subfield>
    <subfield code="b">11</subfield>
    <subfield code="d">2010-02-09</subfield>
    <subfield code="l">1</subfield>
    <subfield code="o">LB2910 B3518</subfield>
    <subfield code="p">11 008297</subfield>
    <subfield code="r">2016-03-09</subfield>
    <subfield code="s">2016-03-09</subfield>
    <subfield code="t">2</subfield>
    <subfield code="w">2012-06-26</subfield>
    <subfield code="y">LB</subfield>
  </datafield>
  <datafield tag="999" ind1=" " ind2=" ">
    <subfield code="c">72440</subfield>
    <subfield code="d">72440</subfield>
  </datafield>
  <controlfield tag="008">120626s1989    sp            000 0 spa d</controlfield>
  <datafield tag="020" ind1=" " ind2=" ">
    <subfield code="a">8475095291</subfield>
  </datafield>
  <datafield tag="050" ind1=" " ind2=" ">
    <subfield code="a">LB2910</subfield>
    <subfield code="b">B3518 </subfield>
  </datafield>
  <datafield tag="100" ind1=" " ind2=" ">
    <subfield code="a">Ball, Stephen J.</subfield>
    <subfield code="e">autor</subfield>
  </datafield>
  <datafield tag="240" ind1=" " ind2=" ">
    <subfield code="a">The micro-politics of the school. Towards a theory of school organization</subfield>
    <subfield code="l">espa&#xF1;ol</subfield>
  </datafield>
  <datafield tag="245" ind1=" " ind2=" ">
    <subfield code="a">La micropol&#xED;tica de la escuela</subfield>
    <subfield code="b">: Hacia una teor&#xED;a de la organizaci&#xF3;n escolar </subfield>
    <subfield code="c">/ Stephen J., Ball; traducci&#xF3;n de N&#xE9;stor M&#xED;guez</subfield>
  </datafield>
  <datafield tag="260" ind1=" " ind2=" ">
    <subfield code="a">Espa&#xF1;a</subfield>
    <subfield code="b">: Paid&#xF3;s</subfield>
    <subfield code="c">, 1989</subfield>
  </datafield>
  <datafield tag="300" ind1=" " ind2=" ">
    <subfield code="a">301 p&#xE1;ginas</subfield>
  </datafield>
  <datafield tag="490" ind1=" " ind2=" ">
    <subfield code="a">Temas de educaci&#xF3;n</subfield>
    <subfield code="v">: 12</subfield>
  </datafield>
  <datafield tag="500" ind1=" " ind2=" ">
    <subfield code="a">T&#xED;tulo original: The micro-politics of the school. Towards a theory of school organization</subfield>
  </datafield>
  <datafield tag="500" ind1=" " ind2=" ">
    <subfield code="a">Incluye: Sumario, Pr&#xF3;logo, Nota &#xB4;previa, Agradecimientos, Introducci&#xF3;n, Glosario, Bibliograf&#xED;a, Indice de autores, Indice anal&#xED;tico</subfield>
  </datafield>
  <datafield tag="505" ind1=" " ind2=" ">
    <subfield code="a">Ortodoxia y alternativa  
La pol&#xED;tica de cambio: algunos estudios de casos  
La edad y el sexo: el cambio rencoroso  
La pol&#xED;tica de liderazgo  
La direcci&#xF3;n: oposici&#xF3;n y control  
La actividad directiva: la sucesi&#xF3;n en la direcci&#xF3;n y sus dilemas  
La pol&#xED;tica de la carrera  
La carrera de las mujeres y la pol&#xED;tica sexista  
Recursos y relaciones  
Dentro y fuera: la escuela en el contexto pol&#xED;tico </subfield>
  </datafield>
  <datafield tag="519" ind1=" " ind2=" ">
    <subfield code="a">Material Complementario/  </subfield>
    <subfield code="b">Pedagog&#xED;a / </subfield>
    <subfield code="d">(11 008296)  
</subfield>
  </datafield>
  <datafield tag="650" ind1=" " ind2="0">
    <subfield code="a">EDUCACI&#xD3;N MEDIA SUPERIOR</subfield>
    <subfield code="x">ADMINISTRACI&#xD3;N</subfield>
    <subfield code="z">GRAN BRETA&#xD1;A</subfield>
  </datafield>
  <datafield tag="650" ind1=" " ind2="0">
    <subfield code="a">ADMINISTRACI&#xD3;N ESCOLAR</subfield>
    <subfield code="x">GRAN BRETA&#xD1;A</subfield>
  </datafield>
  <datafield tag="942" ind1=" " ind2=" ">
    <subfield code="c">LB</subfield>
  </datafield>
</record>
